• 首页
  • 本馆介绍
  • 公告通知
  • 最新文献
  • 馆藏检索
  • 电子资源
  • 读者导购
  • 参考咨询
  • 我的图书馆
  • 登录
  • 详细信息显示
  • 放入我的书架
  • 预约/预借图书
  • 作者相关作品
  • 分类相关作品
  • 丛书相关作品
  • 出版社相关作品

书目信息

  • 表格格式
  • 工作单格式
  • 卡片格式
题名:
工业电视
    
 
作者: 傅万钧 , 张维力 著
分册:  
出版信息: 北京   工人出版社  1980
页数: 536页
开本: 19cm
丛书名:
单 册:
中图分类: TN949.2
科图分类:
主题词: 工业电视
电子资源:
ISBN:
000 00615nam0 2200241 45
001 0180005929
005 20060814153919.56
010    @dCNY1.90
091    @a15007.01
100    @a19950308d1980 em y0chiy0121 ea
101 0  @achi
102    @aCN@b110000
105    @ay z 000yy
200 10 @a工业电视@Agong ye dian shi@f张维力,傅万钧著
210    @a北京@c工人出版社@d1980
215    @a536页@d19cm
606    @a工业电视
690    @aTN949.2@v3 
701  0 @a傅万钧@Afu wan jun@4著
701  0 @a张维力@Azhang wei li@4著
801  2 @aCN@bNLC@c20060814
801  0 @aCN@bTSSF
905    @a10447@dTN949.2@e203
    
    工业电视/张维力,傅万钧著.-北京:工人出版社,1980
    536页;19cm
    
    
    ISBN :CNY1.90
    
●
相关链接 在E读中查询图书 在五车中查询图书 在当当中查询图书 在豆瓣中查询图书


正题名:工业电视     索取号:TN949.2/203         预约/预借

序号 登录号 条形码 馆藏地/架位号 状态 备注
1 0458237   204582371   密集书库/ [索取号:TN949.2/203] 在馆    
唐山师范学院图书馆 欢迎您!
大连网信软件有限公司© 版权所有